Score 0/7 Timer 03:00
0 Plays Today
Question Answer Wrong Answers
US President Barack Obama signs a repeal of the ban on homosexuals serving openly in the US military, a policy better known by this name.
2010
Don't Ask, Don't Tell
90.3%
Hush Hush
2.8%
Keep It To Yourself
3%
Best-Kept Secret
2%
This Nobel Peace Prize winning trade-union activist becomes the second President of Poland.
1990
Lech Wałęsa
86.1%
Karol Wojtyła
5%
Robert Kubica
2.8%
Mariusz Pudzianowski
4.3%
Mary Anne Evans, author of Silas Marner and better known by this male pen name, dies in London at age 61.
1880
George Eliot
79.1%
Robert Galbraith
3.6%
Acton Bell
2.9%
Thomas Hardy
14.1%
This Haitian-American artist, known for his graffiti and street art, is born in New York City.
1960
Jean-Michel Basquiat
75.8%
Keith Haring
7.4%
Shepard Fairey
5.7%
Eduardo Kobra
10.4%
Nicolae Ceaușescu is overthrown as President of this nation.
1989
Romania
73.2%
Albania
5.4%
Latvia
3.4%
Czechoslovakia
16.4%
This composer conducts the premiere performance of his famous Symphony No. 5 in Vienna.
1808
Ludwig van Beethoven
66.9%
Wolfgang Amadeus Mozart
24.6%
Joseph Haydn
2.4%
Johann Strauss
6%
Three of the four major islands of this volcanic archipelago vote to become independent from France. Mayotte votes to remain under French control.
1974
Comoros
19.1%
St. Vincent and the Grenadines
33.4%
Seychelles
36.8%
Cabo Verde
9.5%
Remove Ads.
Support Sporcle.
Get the best of Sporcle when you Go Orange. This ad-free experience offers more features, more stats, and more fun while also helping to support Sporcle. Thank you for becoming a member.

You're not logged in!

Compare scores with friends on all Sporcle quizzes.
OR
Log In

Show Comments

Extras

Top Quizzes Today


Score Distribution

Your Account Isn't Verified!

In order to create a playlist on Sporcle, you need to verify the email address you used during registration. Go to your Sporcle Settings to finish the process.

Report this User

Report this user for behavior that violates our Community Guidelines.

Details: